Most Urbanized Countries - Statistics

General Stats
  • This quiz has been taken 526 times
  • The average score is 11 of 18
Answer Stats
% Country % Correct
100 Monaco
93%
100 Singapore
93%
100 Vatican City
93%
91.5 Luxembourg
88%
97.5 San Marino
88%
91.8 Japan
78%
92.2 Netherlands
76%
99.2 Qatar
76%
98.1 Belgium
74%
94.7 Malta
68%
100 Kuwait
67%
92.6 Israel
63%
100 Nauru
37%
93.9 Iceland
36%
91.4 Jordan
32%
95.5 Uruguay
23%
92.1 Argentina
13%
90.1 Gabon
5%
No matching quizzes found
Score Distribution
Percent of People with Each Score
Percentile by Number Answered
Your Score History
You have not taken this quiz